000 00616cam a2200193 4500500
005 20260405000749.0
041 _afre
042 _adc
100 1 0 _aLegros, Martin
_eauthor
245 0 0 _aÉdouard Glissant, Régis Debray. La République à l’heure créole
260 _c2009.
500 _a82
690 _aCréolisation
690 _aEdouard Glissant
690 _aRégis Debray
690 _aRéublique
786 0 _nPhilosophie magazine | 30 | 6 | 2009-06-01 | p. 25-27 | 1951-1787
856 4 1 _uhttps://shs.cairn.info/magazine-philosophie-magazine-2009-6-page-25?lang=fr&redirect-ssocas=7080
999 _c2040596
_d2040596